| 000 | 00612nam a2200241Ia 4500 | ||
|---|---|---|---|
| 008 | 170711s9999 xx 000 0 und d | ||
| 020 | _a374330719 | ||
| 050 | _a940 | ||
| 050 | _bM655 2005 | ||
| 100 | _aMillman, Isaac | ||
| 245 | _aHidden child / | ||
| 245 | _cby Isaac Millman. | ||
| 260 | _aCanada : | ||
| 260 | _bFrances Foster Books, | ||
| 260 | _c2005 | ||
| 300 | _a73 pages : | ||
| 300 | _bsome colored illustrations ; | ||
| 300 | _c30cm. | ||
| 650 | _aBiography & Autobiography. | ||
| 650 | _aJewish children in the Holocaust -- | ||
| 650 | _xFrance -- Biography. | ||
| 700 | _aTitle. | ||
| 999 |
_c339898 _d339898 |
||